Chefs lieux sans C - Statistiques

Statistiques générales
  • Ce quiz a été pris 20 fois
  • Le résultat moyen est 51 sur 72
Statistiques - réponses
Réponse % Correct
Bordeaux
89%
Lyon
89%
Nantes
89%
Paris
89%
Toulouse
89%
Agen
84%
Grenoble
84%
Lille
84%
Marseille
84%
Montpellier
84%
Rouen
84%
Saint-Étienne
84%
Strasbourg
84%
Toulon
84%
Amiens
79%
Angers
79%
Arras
79%
Bastia
79%
Bourg-en-Bresse
79%
Foix
79%
Nîmes
79%
Pau
79%
Poitiers
79%
Rennes
79%
Rodez
79%
Tours
79%
Auxerre
74%
Belfort
74%
Blois
74%
Dijon
74%
Gap
74%
Mamoudzou
74%
Mont-de-Marsan
74%
Orléans
74%
Perpignan
74%
Quimper
74%
Saint-Denis
74%
Tarbes
74%
Vannes
74%
Albi
68%
Bourges
68%
Laon
68%
Laval
68%
Le Mans
68%
Limoges
68%
Metz
68%
Tulle
68%
Basse-Terre
63%
Épinal
63%
Évreux
63%
Lons-le-Saunier
63%
Montauban
63%
Niort
63%
Périgueux
63%
Angoulême
58%
Beauvais
58%
Digne-les-Bains
58%
Mende
58%
Nanterre
58%
Privas
58%
Saint-Lô
58%
Troyes
58%
Versailles
58%
Avignon
53%
Guéret
53%
Le Puy-en-Velay
53%
Moulins
53%
Nevers
53%
Bobigny
47%
Melun
47%
Vesoul
47%
Pontoise
26%
Aucun quiz correspondant
Distribution des résultats
% des personnes avec chaque résultat
Percentile par nombre de réponses
Votre historique - résultats
Vous n’avez pas pris ce quiz